Computer Architecture (Record no. 247091)

MARC details
000 -LEADER
fixed length control field 00465nam a2200193Ia 4500
008 - FIXED-LENGTH DATA ELEMENTS--GENERAL INFORMATION
fixed length control field 240913s9999||||xx |||||||||||||| ||und||
082 ## - DEWEY DECIMAL CLASSIFICATION NUMBER
-- 4.22
100 ## - MAIN ENTRY--PERSONAL NAME
Personal name Baron,Robert A
245 #0 - TITLE STATEMENT
Title Computer Architecture
250 ## - EDITION STATEMENT
Edition statement 1st
260 ## - PUBLICATION, DISTRIBUTION, ETC. (IMPRINT)
Name of publisher, distributor, etc Addision-Wesley,Sing
500 ## - GENERAL NOTE
General note REFERENCE
650 ## - SUBJECT ADDED ENTRY--TOPICAL TERM
Topical term or geographic name as entry element Computer Architecture
700 ## - ADDED ENTRY--PERSONAL NAME
Personal name Higbie,Bee
942 ## - ADDED ENTRY ELEMENTS (KOHA)
Item type Reference
Holdings
Withdrawn status Lost status Damaged status Permanent location Current location Shelving location Date acquired Cost, normal purchase price Full call number Barcode Date last seen Koha item type
      CENTRAL LIBRARY, NOORUL ISLAM CENTRE FOR HIGHER EDUCATION CENTRAL LIBRARY, NOORUL ISLAM CENTRE FOR HIGHER EDUCATION   05/09/2003 1225.00 4.22 9050 09/13/2024 Reference
Visitors:
Copyright © 2024 Central Library NICHE.  All rights reserved.